000 00575nam a2200181 i 4500
001 41893
003 ES-MaACL
005 20231229063010.0
007 t|
008 030312s1952 sp ||||1| spa d
100 1 _aCastán Tobeñas, José,
_d1889-1969
_936392
245 1 4 _aLos derechos de personalidad /
_cJosé Castán Tobeñas.
260 _aMadrid :
_bReus,
_c1952.
300 _a69 p. ;
_c25 cm.
500 _aEs separata de la Revista General de Legislación y Jurisprudencia, julio -agosto 1952.
852 _aES-MaACL
_j1950-F-22
_bR.33091
999 _c41893
_d41893